Normal view MARC view

Entry Personal Name

Number of records used in: 1

001 - CONTROL NUMBER

  • control field: 41379

003 - CONTROL NUMBER IDENTIFIER

  • control field:

005 - DATE AND TIME OF LATEST TRANSACTION

  • control field: 20240424120357.0

008 - FIXED-LENGTH DATA ELEMENTS

  • fixed length control field: 240424|| aca||aabn | a|a d

040 ## - CATALOGING SOURCE

  • Original cataloging agency:
  • Transcribing agency:

100 ## - HEADING--PERSONAL NAME

  • Personal name: WILKINSON Elizabeth Mary

670 ## - SOURCE DATA FOUND

  • Source citation: Work cat.: ()20543: WILKINSON Elizabeth Mary clb, Goe the, poet and thinker /, 1963, c1962

National Library of Nigeria OPAC is powered by Koha